000 00684cam a22002413a 4500
001 15950
003 PGUSA
005 20140828083336.0
008 050531s2005||||xxu|||||s|||||000 | eng d
040 _aPGUSA
_beng
042 _adc
050 4 _aQL
100 1 _aLong, William J.
_q(William Joseph),
_d1867-1952
245 1 0 _aWilderness Ways
_h[electronic resource] /
_cWilliam J. Long
260 _bProject Gutenberg,
_c2005
506 _aPublic domain in the USA.
516 _aElectronic text
653 _aAnimal behavior
700 1 _aCopeland, Charles,
_d1858-1929
830 0 _aProject Gutenberg
_v15950
856 4 0 _uhttp://www.gutenberg.org/ebooks/15950
942 _cEB
999 _c245205
_d245205